Analýza ekonomických ukazovateľov nákladnej a osobnej leteckej dopravy na Slovensku v rokoch 2008 – 2019 bakalárska práca

Gespeichert in:
Bibliographische Detailangaben
1. Verfasser: Chudík, Ľubomír
Körperschaft: Fakulta hospodárskej informatiky EU. Katedra štatistiky
Weitere Verfasser: Bolgáč, Ján, 1959-
Format: Buch
Sprache:Slowakisch
Veröffentlicht: Bratislava 2021
Tags: Tag hinzufügen
Keine Tags, Fügen Sie das erste Tag hinzu!

MARC

LEADER 00000nbm a2200000 4500
001 0276351
005 20220316125635.7
041 0 |a slo 
044 |a SK 
245 1 0 |a Analýza ekonomických ukazovateľov nákladnej a osobnej leteckej dopravy na Slovensku v rokoch 2008 – 2019  |b bakalárska práca  |c Ľubomír Chudík ; školiteľ: Ján Bolgáč 
264 1 |a Bratislava  |c 2021 
300 |a 46 s. 
100 1 |a Chudík, Ľubomír 
700 1 |a Bolgáč, Ján, 1959- 
710 2 |a Fakulta hospodárskej informatiky EU. Katedra štatistiky